| 000 | 01061cam a2200325Mi 4500 | ||
|---|---|---|---|
| 999 |
_c96220 _d96220 |
||
| 003 | BJBSDDR | ||
| 005 | 20230410143127.0 | ||
| 007 | ta | ||
| 008 | 070626s2006 sp 000 0 spa d | ||
| 020 | _a8483103699 | ||
| 020 | _a9788483103692 | ||
| 040 |
_bspa _cBJBSDDR |
||
| 041 | _aspa | ||
| 049 | _aGRAL | ||
| 050 | 1 | 4 |
_aB PQ 6639 _bE29a 2006 |
| 082 | 0 | 0 | _a868.6209 |
| 100 | 1 | _aEgido, Luciano G. | |
| 245 | 1 | 0 |
_aAgonizar en Salamanca : _bUnamuno, julio - diciembre de 1936 / _cLuciano Gonzalez Egido. |
| 260 |
_aBarcelona : _bTusquets Editores, _c2006. |
||
| 300 |
_a296 p. : _bill. ; _c21 cm. |
||
| 440 | 0 |
_aTiempo de memoria ; _v60 |
|
| 504 | _aIncludes bibliographical references (p. 295-296). | ||
| 600 | 1 | 4 |
_aUnamuno, Miguel de _d1864-1936 _xÚltimos años. |
| 600 | 1 | 4 |
_aUnamuno, Miguel de _d1864-1936 _xMuerte y entierro |
| 600 | 1 | 0 |
_aUnamuno, Miguel de _d1864-1936 _xPolitical and social views. |
| 650 | 0 |
_aAuthors, Spanish _y20th century _vBiography. |
|
| 650 | 4 |
_aAutores españoles _vBiografía _910274 |
|
| 942 |
_2lcc _cBK |
||
| 946 | _ash | ||